Statistiques concernant Départements frontaliers- Vrai ou Faux

Cliquez ici pour prendre le quiz!

Statistiques générales

  • Ce quiz a été pris 42 fois
  • Le résultat moyen est 9 sur 15

Statistiques - réponses

QuestionRéponse% Correct
Gard / Mer MéditerranéeVrai
79%
Haute-Garonne / EspagneVrai
79%
Ardennes / NordFaux
64%
Landes / Hautes-PyrénéesFaux
64%
Sarthe / Eure-et-LoirVrai
64%
Vienne / CreuseFaux
59%
Loire / DrômeFaux
59%
Lot / TarnFaux
56%
Bas-Rhin / Meurthe-et-MoselleVrai
56%
Var / VaucluseVrai
56%
Loiret / NièvreVrai
56%
Ardèche / IsèreVrai
54%
Creuse / CherVrai
54%
Ille-et-Vilaine / Maine-et-LoireVrai
51%
Gironde / CharenteFaux
33%

Distribution des résultats

Percentile par nombre de réponses

% des personnes avec chaque résultat

Votre développement - résultats

Vous n’avez pas pris ce quiz